| 000 | 00869nam a22002417a 4500 | ||
|---|---|---|---|
| 999 |
_c16396 _d16396 |
||
| 003 | AR-CdUCM | ||
| 008 | 190503b ||||| |||| 00| 0 spa d | ||
| 020 | _a9706370528 | ||
| 040 |
_aMUNICIPALIDAD PROVINCIAL DEL CUSCO _cBIBLIOTECA MUNICIPAL DEL CUSCO |
||
| 041 | _heng. | ||
| 082 |
_a355 / _bB23 |
||
| 100 |
_aBlechman, Barry M. _935820 |
||
| 245 | _aPolítica y seguridad nacional / | ||
| 260 |
_aMéxico : _bGERNIKA, _c1996. |
||
| 300 |
_a374 paginas ; _c22 cm. |
||
| 505 | _aContenido :El congreso y la política de defensa desde la guerra de Vietnam --El presupuesto militar y la administración de los recursos de defensa --Control de armas --Venta de armas ... | ||
| 650 |
_aGuerra _91007 |
||
| 650 |
_aArmas _91400 |
||
| 650 |
_aPolítica _9291 |
||
| 700 |
_aAna Isabel Stellino (traductor) _935821 |
||
| 942 |
_2ddc _cLIBROS |
||
| 945 |
_arjall _d2019-05-03 |
||